Statistics for General Knowledge Quiz #103

Click here to take the quiz!

General Stats

  • This quiz has been taken 55,875 times
    (25,135 since last reset)
  • The average score is 12 of 20

Answer Stats

Question Answer % Correct
What was the only part of Achilles's body that was vulnerable?Heel
94%
What figurative "curtain" separated Eastern and Western Europe during the Cold War?Iron Curtain
87%
What Q word is defined as "a place from which stone is extracted"?Quarry
75%
What sauce is made with basil, pine nuts, garlic, cheese, and olive oil?Pesto
72%
What did the Manhattan Project create?Atomic Bomb
72%
Of what place is it said "if you can make it here you can make it anywhere"?New York
71%
In what country did the tango originate?Argentina or Uruguay
69%
Which U.S. President had the shortest lifespan, just 46 years?John F. Kennedy
65%
What English city was originally built by the Romans as a spa in 60 A.D.?Bath
61%
What type of alcohol, known as "the green fairy", was once banned in most of Europe?Absinthe
60%
What did Edward VIII do, in 1936, that no English king had ever done?Abdicate
58%
Whose effigy is burned on "Bonfire Night" in the UK?Guy Fawkes
58%
What is either a place for unbaptised babies or a back-bending party game?Limbo
53%
What African country was founded as a place for freed American slaves?Liberia
53%
What are Impalas and Springboks?Types of {Antelope}
53%
In what country did the Tamil Tigers wage a civil war?Sri Lanka
45%
What Olympic event was won by Bruce Jenner (later to become Caitlyn Jenner)?Decathlon
35%
What is the English translation of "nom de plume"?Pen name
34%
What devilish creature of European lore can be described as an "anti Santa Claus"?Krampus
30%
What country is the Caribbean island of St. Barts a part of?France
29%

Score Distribution

Percentile by Number Answered

Percent of People with Each Score

Your Score History

You have not taken this quiz since the last reset